000
00307cam a2200133ua 4500
041
_a
mal
_h
082
_a
894.812308
_b
ANN/AN
100
_a
Annie, Thayyil .
245
_a
Anna Karenena, Part 1 /
_c
Annie Thayyil.
_h
Textual Documents
300
_a
356 ; .
504
_a
942
_c
BK
999
_c
4923
_d
4923